000 01213nam a2200313 c 4500
003 BLK
005 20250312152753.0
008 180408b bul|||||r ||||||| ||bul||
010 _aKNG00094863000
020 _a978-954-443-840-1
_bиздат.: Бълг. писател
040 _aBLK
041 _aBUL
_cBUL
072 7 _2bullib
_aН8400
_xБългарска поезия Н
080 _aБългарска литература
_b821.163.2
_x-1
_z821.163.2-1
100 1 _aЛевчев, Владимир Любомиров
_d1957-
_gПоет, писател, изкуствовед. Преводач от английски и руски език
_988159
139 _aЛевчев, Владимир Любомиров
_bЛ 36
245 1 0 _aБхакти
_bСтихотворения
_cВладимир Любомиров Левчев.
257 _aBGR
260 София
_bБълг. писател
_c2010
_fСофия : Илинда
300 _a64 с.
_c21 см
380 _aX
659 _aН
852 _aЦб 256085
856 4 _qpdf
_u
856 4 _qpdf
_u
942 _cKNG
_n0
944 _aCR
_c23.08.2012
_k30560
_lГеновева Генчева
944 _aED
_c08.03.2013
_k
999 _c90136
_d90136